Song Titles with Shared First Words #5 - Statistics

General Stats
  • This quiz has been taken 2,884 times
    2,530 since last reset
  • The average score is 16 of 24
Answer Stats
Ends Of Song Titles First Word % Correct
Sharona, Heart Will Go On My
98%
Me Tender, The Way You Lie Love
96%
My Party, Raining Men It's
92%
The Bridge, Pressure Under
87%
In The Mirror, On The Moon Man
85%
Medicine, Romance Bad
84%
California, Room Service Hotel
84%
Little Birds, Times A Lady Three
83%
Beautiful, So Vain You're
80%
Down On It, Busy Get
78%
Colors, Love True
78%
That Funky Music, The Game Play
77%
Up, Outta Compton Straight
74%
The Faith, On Truckin' Keep
73%
Queen, On The Ceiling Dancing
72%
Is A Lemon And I Want My Money Back, On Mars Life
60%
Be My Baby, On My Mind Always
50%
Wah Diddy Diddy, The Bartman Do
49%
At The Oasis, Train To Georgia Midnight
48%
Night's Alright For Fighting, In The Park Saturday
47%
Arms, Your Heart Open
44%
Me Rhonda, Yourself Help
34%
That Girl, Lovin' You Who's
34%
Touch, Sun Invisible
13%
No matching quizzes found
Score Distribution
Percent of People with Each Score
Percentile by Number Answered
Your Score History
You have not taken this quiz since the last reset